[Event "Sharjah Masters-B 8th"]
[Site "Sharjah"]
[Date "2025.05.18"]
[Round "2"]
[White "Assaad, Antoine Joe"]
[Black "Shyam, Nikil P"]
[Result "0-1"]
[WhiteElo "2187"]
[BlackElo "2430"]
[PlyCount "120"]
[EventDate "2025.05.17"]
[EventType "swiss"]
[EventRounds "9"]
[EventCountry "UAE"]
[SourceTitle "CB22_2025"]
[SourceDate "2025.05.28"]
[SourceVersion "1"]
[SourceVersionDate "2025.05.28"]
[SourceQuality "1"]

1. d4 Nf6 2. Bf4 b6 3. Nc3 Bb7 4. f3 e6 5. e4 d5 6. Nb5 Na6 7. e5 Nd7 8. Nh3 c6 9. Nd6+ Bxd6 10. exd6 0-0 11. Bd3 Re8 12. 0-0 Nab8 13. c3 Ba6 14. Bxa6 Nxa6 15. Re1 Nab8 16. a4 c5 17. b4 Nc6 18. Qd2 c4 19. Rad1 Nf8 20. Bg3 Qd7 21. Nf4 Nd8 22. Nh5 f6 23. Qf4 Nf7 24. h4 Rad8 25. Qg4 Ng6 26. Bh2 Nxd6 27. Bxd6 Qxd6 28. f4 f5 29. Qh3 Nxf4 30. Nxf4 Qxf4 31. Re5 Qh6 32. Rde1 Qf6 33. g4 fxg4 34. Qxg4 Rf8 35. Qxe6+ Qxe6 36. Rxe6 Rf3 37. R1e3 Rdf8 38. Kg2 Rf2+ 39. Kg3 Rd2 40. Re7 a5 41. b5 h5 42. R7e5 Rd3 43. Kg2 Rf4 44. Rxd3 cxd3 45. Re3 d2 46. Rd3 Rxh4 47. Rxd2 Rg4+ 48. Kf3 g5 49. Re2 Rf4+ 50. Kg2 g4 51. Re5 h4 52. Rxd5 Kf7 53. c4 Rf3 54. c5 bxc5 55. dxc5 h3+ 56. Kh2 Rf2+ 57. Kh1 g3 58. Rd1 Ke7 59. c6 Rc2 60. Rg1 Rh2# 0-1

[Event "Dekweneh Keshmat op"]
[Site "Dekweneh"]
[Date "2025.03.16"]
[Round "4"]
[White "Assaad, Antoine Joe"]
[Black "Karam, Youssef Mark"]
[Result "1-0"]
[WhiteElo "2178"]
[BlackElo "1827"]
[PlyCount "61"]
[EventDate "2025.03.13"]
[EventType "swiss"]
[EventRounds "9"]
[EventCountry "LBN"]
[SourceTitle "CB13_2025"]
[SourceDate "2025.03.26"]
[SourceVersion "1"]
[SourceVersionDate "2025.03.26"]
[SourceQuality "1"]

1. e4 c5 2. Nf3 e6 3. d4 cxd4 4. Nxd4 Nc6 5. Nc3 Qc7 6. Be3 a6 7. Qd2 Nf6 8. 0-0-0 Be7 9. f3 h5 10. Bf4 e5 11. Nxc6 dxc6 12. Be3 b5 13. Qf2 Be6 14. Be2 a5 15. g4 a4 16. g5 Nh7 17. f4 exf4 18. Bxf4 Bxg5 19. Bxg5 Nxg5 20. Qc5 Qf4+ 21. Kb1 Rc8 22. Bd3 f6 23. Rhg1 Kf7 24. e5 f5 25. Ne2 Qh4 26. Rdf1 Ne4 27. Qa7+ Ke8 28. Bxe4 Qxe4 29. Rxg7 Qh4 30. Nf4 Bc4 31. Qd7+ 1-0

[Event "Dekweneh Keshmat op"]
[Site "Dekweneh"]
[Date "2025.03.15"]
[Round "3"]
[White "Attieh, Skye"]
[Black "Assaad, Antoine Joe"]
[Result "0-1"]
[WhiteElo "1760"]
[BlackElo "2178"]
[PlyCount "92"]
[EventDate "2025.03.13"]
[EventType "swiss"]
[EventRounds "9"]
[EventCountry "LBN"]
[SourceTitle "CB13_2025"]
[SourceDate "2025.03.26"]
[SourceVersion "1"]
[SourceVersionDate "2025.03.26"]
[SourceQuality "1"]

1. e4 c5 2. Nf3 d6 3. Bb5+ Nd7 4. d4 cxd4 5. Qxd4 Ngf6 6. c4 g6 7. Bg5 Bg7 8. Nc3 0-0 9. Bxd7 Bxd7 10. 0-0 Be6 11. Qd3 Nd7 12. Rac1 h6 13. Bh4 g5 14. Bg3 Nc5 15. Qe2 Qa5 16. e5 Rfe8 17. Nb5 a6 18. b4 Qd8 19. Nbd4 dxe5 20. Nxe6 Nxe6 21. Bxe5 Bxe5 22. Nxe5 Nf4 23. Qf3 Qd6 24. Rfe1 f6 25. Ng4 Qc6 26. Nxh6+ Kh7 27. Qxc6 bxc6 28. Nf5 Nd3 29. Rcd1 Nxe1 30. Rxe1 Rad8 31. Kf1 e6 32. Ne3 Rd2 33. a4 Rb2 34. b5 axb5 35. axb5 cxb5 36. c5 Kg6 37. c6 Rc8 38. Rc1 Kf7 39. Ng4 Rb4 40. f3 Rc4 41. Rb1 Rc5 42. Kf2 R8xc6 43. Kg3 f5 44. Nf2 Rd5 45. Ra1 Rc2 46. Ra7+ Kg6 0-1

[Event "LIB-chT"]
[Site "Beirut"]
[Date "2025.01.13"]
[Round "6.1"]
[White "Adeimi, Michel"]
[Black "Assaad, Antoine Joe"]
[Result "1/2-1/2"]
[WhiteElo "2001"]
[BlackElo "2163"]
[PlyCount "42"]
[EventDate "2025.01.09"]
[EventType "team-tourn"]
[EventRounds "9"]
[EventCountry "LBN"]
[SourceTitle "CB12_2025"]
[SourceDate "2025.03.19"]
[SourceVersion "1"]
[SourceVersionDate "2025.03.19"]
[SourceQuality "1"]
[WhiteTeam "Soviet"]
[BlackTeam "Antranik Antelias"]
[WhiteTeamCountry "LBN"]
[BlackTeamCountry "LBN"]

1. e4 e6 2. d4 d5 3. Nc3 Nf6 4. e5 Nfd7 5. Nf3 c5 6. Ne2 Nc6 7. c3 Be7 8. a3 0-0 9. Nf4 Qa5 10. Be3 Nxd4 11. Nxd4 cxd4 12. Bxd4 Qc7 13. Bd3 Nxe5 14. Bxh7+ Kxh7 15. Qh5+ Kg8 16. Bxe5 Bd6 17. Bxg7 Kxg7 18. Qg5+ Kh7 19. Qh5+ Kg7 20. Qg5+ Kh7 21. Qh4+ Kg8 1/2-1/2

[Event "LIB-chT"]
[Site "Beirut"]
[Date "2025.01.12"]
[Round "5.1"]
[White "Assaad, Antoine Joe"]
[Black "Hamad, Ismael"]
[Result "1-0"]
[WhiteElo "2163"]
[BlackElo "1792"]
[PlyCount "45"]
[EventDate "2025.01.09"]
[EventType "team-tourn"]
[EventRounds "9"]
[EventCountry "LBN"]
[SourceTitle "CB12_2025"]
[SourceDate "2025.03.19"]
[SourceVersion "1"]
[SourceVersionDate "2025.03.19"]
[SourceQuality "1"]
[WhiteTeam "Antranik Antelias"]
[BlackTeam "Mobadarat"]
[WhiteTeamCountry "LBN"]
[BlackTeamCountry "LBN"]

1. e4 e6 2. d4 d5 3. e5 c5 4. c3 Qb6 5. Nf3 Bd7 6. a3 Bb5 7. b4 cxd4 8. Bxb5+ Qxb5 9. cxd4 Ne7 10. Nc3 Qc4 11. Bb2 g6 12. Rc1 Bh6 13. Ne4 Qa6 14. Nd6+ Kf8 15. Rc7 Nbc6 16. h4 Nd8 17. g4 b5 18. Bc1 Bg7 19. Bg5 Ndc6 20. Qc1 h6 21. Bxe7+ Nxe7 22. Rxe7 Kxe7 23. Qc7+ 1-0

[Event "LIB-chT"]
[Site "Beirut"]
[Date "2025.01.09"]
[Round "1.1"]
[White "Saliba, Nicolas"]
[Black "Assaad, Antoine Joe"]
[Result "0-1"]
[WhiteElo "1960"]
[BlackElo "2163"]
[PlyCount "54"]
[EventDate "2025.01.09"]
[EventType "team-tourn"]
[EventRounds "9"]
[EventCountry "LBN"]
[SourceTitle "CB12_2025"]
[SourceDate "2025.03.19"]
[SourceVersion "1"]
[SourceVersionDate "2025.03.19"]
[SourceQuality "1"]
[WhiteTeam "Animation"]
[BlackTeam "Antranik Antelias"]
[WhiteTeamCountry "LBN"]
[BlackTeamCountry "LBN"]

1. c4 e5 2. Nc3 f5 3. g3 Nf6 4. Bg2 Be7 5. e3 0-0 6. Nge2 d6 7. b4 a5 8. b5 Nbd7 9. d4 Rb8 10. Ba3 b6 11. Rb1 Kh8 12. Qc2 Qe8 13. Na4 Ng4 14. h3 Nh6 15. Nac3 Nf6 16. Nd5 Nxd5 17. Bxd5 f4 18. g4 fxe3 19. fxe3 exd4 20. Qe4 dxe3 21. Bc1 Bh4+ 22. Kd1 Qxe4 23. Bxe4 Be6 24. Bd5 Rbe8 25. Rb3 Bxd5 26. cxd5 Bf2 27. Bb2 Ng8 0-1

[Event "Olympiad-45"]
[Site "Budapest"]
[Date "2024.09.20"]
[Round "9.4"]
[White "Assaad, Antoine Joe"]
[Black "Zia, Tahsin Tajwar"]
[Result "0-1"]
[WhiteElo "2150"]
[BlackElo "2255"]
[PlyCount "56"]
[EventDate "2024.09.11"]
[EventType "team-swiss"]
[EventRounds "11"]
[EventCountry "HUN"]
[SourceTitle "EXT 2025"]
[Source "ChessBase"]
[SourceDate "2024.10.14"]
[SourceVersion "1"]
[SourceVersionDate "2024.10.14"]
[SourceQuality "1"]
[WhiteTeam "Lebanon"]
[BlackTeam "Bangladesh"]
[WhiteTeamCountry "LBN"]
[BlackTeamCountry "BAN"]

1. e4 c6 2. d4 d5 3. Nd2 dxe4 4. Nxe4 Nf6 5. Nxf6+ exf6 6. c3 Bd6 7. Bd3 0-0 8. Ne2 Re8 9. Qc2 h5 10. Be3 Nd7 11. 0-0-0 b5 12. d5 c5 13. Bxb5 Rb8 14. c4 a6 15. Bxd7 Bxd7 16. a3 g6 17. Nc3 Bf5 18. Qd2 Rb3 19. Rde1 Qb8 20. Bh6 Be5 21. Re3 Kh7 22. g4 hxg4 23. Rxe5 Qxe5 24. Be3 Reb8 25. Rd1 Qc7 26. Bf4 Rxc3+ 27. Qxc3 Qxf4+ 28. Qd2 Qxc4+ 0-1

[Event "Olympiad-45"]
[Site "Budapest"]
[Date "2024.09.15"]
[Round "5.34"]
[White "Assaad, Antoine Joe"]
[Black "Juhasz, Agoston Botond"]
[Result "0-1"]
[WhiteElo "2150"]
[BlackElo "2427"]
[PlyCount "60"]
[EventDate "2024.09.11"]
[EventType "team-swiss"]
[EventRounds "11"]
[EventCountry "HUN"]
[SourceTitle "EXT 2025"]
[Source "ChessBase"]
[SourceDate "2024.10.14"]
[SourceVersion "1"]
[SourceVersionDate "2024.10.14"]
[SourceQuality "1"]
[WhiteTeam "Lebanon"]
[BlackTeam "Hungary III"]
[WhiteTeamCountry "LBN"]
[BlackTeamCountry "HUN"]

1. e4 c6 2. d4 d5 3. Nc3 dxe4 4. Nxe4 Nf6 5. Nxf6+ exf6 6. Be3 Na6 7. a3 Nc7 8. c4 Bd6 9. Bd3 0-0 10. Qc2 h5 11. Ne2 Re8 12. h3 Be6 13. g4 h4 14. g5 fxg5 15. 0-0-0 b5 16. c5 Be7 17. f4 Nd5 18. Bd2 b4 19. Rhg1 bxa3 20. bxa3 gxf4 21. Nxf4 Nxf4 22. Bxf4 Bf6 23. Bh7+ Kh8 24. Be4 Bd5 25. Bf5 Qa5 26. Qb2 Be4 27. Bxe4 Rxe4 28. Bg5 Bxd4 29. Qc2 Qxa3+ 30. Kd2 Rae8 0-1

[Event "Dekweneh Keshmat op"]
[Site "Dekweneh"]
[Date "2022.07.16"]
[Round "4"]
[White "Sayegh, Elias"]
[Black "Assaad, Antoine Joe"]
[Result "0-1"]
[WhiteElo "1794"]
[BlackElo "1846"]
[PlyCount "62"]
[EventDate "2022.07.13"]
[EventType "swiss"]
[EventRounds "9"]
[EventCountry "LBN"]
[SourceTitle "EXT 2023"]
[Source "ChessBase"]
[SourceDate "2022.10.05"]
[SourceVersion "1"]
[SourceVersionDate "2022.10.05"]
[SourceQuality "1"]

1. e4 e5 2. Nf3 Nc6 3. Bc4 Nf6 4. Ng5 d5 5. exd5 Na5 6. Bb5+ c6 7. dxc6 bxc6 8. Be2 h6 9. Nf3 e4 10. Ne5 Bc5 11. c3 0-0 12. b4 Bd6 13. d4 exd3 14. Nxd3 Re8 15. bxa5 Bf5 16. Be3 Nd5 17. Kf1 Rxe3 18. c4 Rxd3 19. Bxd3 Be5 20. cxd5 Qxd5 21. Be2 Qxd1+ 22. Bxd1 Bxa1 23. Na3 Re8 24. g4 Be4 25. f3 Bd3+ 26. Kg2 Bb2 27. Ba4 Bxa3 28. Bxc6 Re2+ 29. Kh3 Rxa2 30. f4 Bd6 31. g5 Bf5+ 0-1

[Event "Saida Shamieh op"]
[Site "Saida"]
[Date "2021.08.20"]
[Round "4"]
[White "Assaad, Antoine Joe"]
[Black "Khallouf, Abdallah"]
[Result "1-0"]
[WhiteElo "1850"]
[BlackElo "1740"]
[PlyCount "67"]
[EventDate "2021.08.17"]
[EventType "swiss"]
[EventRounds "7"]
[EventCountry "LBN"]
[SourceTitle "CBM 204 Extra"]
[Source "ChessBase"]
[SourceDate "2021.11.30"]
[SourceVersion "1"]
[SourceVersionDate "2021.11.30"]
[SourceQuality "1"]

1. e4 c6 2. d4 d5 3. Nc3 dxe4 4. Nxe4 Nf6 5. Nxf6+ exf6 6. c3 Bd6 7. Bd3 0-0 8. Qc2 Re8+ 9. Ne2 h5 10. Be3 Nd7 11. 0-0-0 Nf8 12. Kb1 Be6 13. h3 Rc8 14. g4 h4 15. Rhg1 Qd7 16. Qd2 b5 17. d5 cxd5 18. Nd4 a6 19. f4 Qc7 20. g5 f5 21. Nxf5 Bxf5 22. Bxf5 Rb8 23. g6 Nxg6 24. Bxg6 fxg6 25. Qxd5+ Qf7 26. Qxd6 Rbd8 27. Qxd8 Rxd8 28. Rxd8+ Kh7 29. Bd4 Qxf4 30. Ka1 Qe4 31. Rd7 Kg8 32. Rxg7+ Kf8 33. Rf1+ Ke8 34. Bc5 1-0